Regionálne rozvojové banky a ich úloha v boji proti chudobe diplomová práca

Na minha lista:
Detalhes bibliográficos
Autor principal: Andrásyová, Diana
Autor Corporativo: Fakulta medzinárodných vzťahov EU. Katedra medzinárodných ekonomických vzťahov a hospodárskej diplomacie
Outros Autores: Jančíková, Eva, 1960-
Formato: Livro
Idioma:eslovaco
Publicado em: Bratislava 2022
Tags: Adicionar Tag
Sem tags, seja o primeiro a adicionar uma tag!

MARC

LEADER 00000nbm a2200000 4500
001 0285168
005 20230403135835.0
041 0 |a slo 
044 |a SK 
245 1 0 |a Regionálne rozvojové banky a ich úloha v boji proti chudobe  |b diplomová práca  |c Diana Andrásyová ; školiteľ: Eva Jančíková 
264 1 |a Bratislava  |c 2022 
300 |a 93 s. 
100 1 |a Andrásyová, Diana 
700 1 |a Jančíková, Eva, 1960- 
710 2 |a Fakulta medzinárodných vzťahov EU. Katedra medzinárodných ekonomických vzťahov a hospodárskej diplomacie